LEADER 02660nam 2200685 a 450 001 9910454850003321 005 20200520144314.0 010 $a1-4462-7944-8 010 $a9786612337208 010 $a1-4462-3901-2 010 $a1-282-33720-3 010 $a1-84920-826-3 035 $a(CKB)1000000000806836 035 $a(EBL)465095 035 $a(OCoLC)566101021 035 $a(SSID)ssj0000311351 035 $a(PQKBManifestationID)11212370 035 $a(PQKBTitleCode)TC0000311351 035 $a(PQKBWorkID)10328468 035 $a(PQKB)11457402 035 $a(MiAaPQ)EBC465095 035 $a(OCoLC)941861567 035 $a(StDuBDS)EDZ0000159147 035 $a(Au-PeEL)EBL465095 035 $a(CaPaEBR)ebr10348608 035 $a(CaONFJC)MIL233720 035 $a(EXLCZ)991000000000806836 100 $a20130912d1998 fy 0 101 0 $aeng 135 $aur|n|---||||| 181 $ctxt 182 $cc 183 $acr 200 10$aTheorising welfare$b[electronic resource] $eenlightenment and modern society /$fMartin O'Brien and Sue Penna 210 $aLondon $cSAGE$d1998 215 $a1 online resource (257 p.) 300 $aDescription based upon print version of record. 311 $a0-8039-8906-7 311 $a0-8039-8907-5 320 $aIncludes bibliographical references and indexes. 327 $aCover; Contents; Acknowledgements; INTRODUCTION; PART ONE: ENLIGHTENMENT AND PROGRESS; 1 - Liberalism; 2 - Marxism; PART TWO: AGAINST ENLIGHTENMENT: QUESTIONS ON POWER AND KNOWLEDGE; 3 - Neo-liberalism; 4 - Poststructuralism; PART THREE: POST-ENLIGHTENMENT PROBLEMATICS; 5 - Political Economy; 6 - Political Ecology; 7 - Postmodernism; CRITIQUES AND CONCLUSIONS; References; Name Index; Subject Index 330 8 $aIn this book the authors make sense of the historical and contemporary changes in social welfare systems and provision and the debates and struggles around them. Several different perspectives are used to introduce theoretical frameworks. 606 $aPublic welfare$xHistory 606 $aPublic welfare$xPhilosophy 606 $aWelfare state$xHistory 606 $aWelfare state$xPhilosophy 608 $aElectronic books. 615 0$aPublic welfare$xHistory. 615 0$aPublic welfare$xPhilosophy. 615 0$aWelfare state$xHistory. 615 0$aWelfare state$xPhilosophy. 676 $a362.5/09 700 $aO'Brien$b Martin$f1957-$01040887 701 $aPenna$b Sue$f1949-$01040888 801 0$bStDuBDS 801 1$bStDuBDS 906 $aBOOK 912 $a9910454850003321 996 $aTheorising welfare$92464080 997 $aUNINA